00402nam a2200157Ia 4500003000400000008004100004040001600045082001300061100001800074245004800092260003400140300000900174490002400183650001500207650002200222GCL140319s9999 xx 000 0 eng d aGCL / cGCL04a843bC L1 aCAMUS, ALBERT10aLETTRES A UN AMI ALLEMAND / cCAMUS, ALBERT a[S.N] : bGALLIMARD ، c1994 a77 P aCOLLECTION FOLIOv004aLITERATURE04aFRENCH LITERATURE